[Event "Summer Prague Open 2022 - A"]
[Site "Olympik hotel, Sokolovska 138, Praha"]
[Date "2022.08.12"]
[Round "9"]
[Board "8"]
[White "Neuman, Petr"]
[Black "Sarkar, Justin"]
[Result "1/2-1/2"]
[WhiteElo "2393"]
[BlackElo "2352"]
[PlyCount "0"]
[EventDate "2022.08.05"]
[EventRounds "9"]
[EventCountry "CZE"]

1. c4 {[%clk 1:25:03]} e5 {[%clk 1:21:11]} 2. Nc3 {[%clk 1:25:23]} Nf6
{[%clk 1:20:15]} 3. e3 {[%clk 1:25:49]} g6 {[%clk 1:19:39]} 4. Nf3
{[%clk 1:25:47]} d6 {[%clk 1:18:58]} 5. d4 {[%clk 1:26:13]} Nbd7 {[%clk 1:18:10]}
6. g3 {[%clk 1:26:38]} Bg7 {[%clk 1:18:34]} 7. Bg2 {[%clk 1:27:04]} O-O
{[%clk 1:18:54]} 8. O-O {[%clk 1:27:30]} Re8 {[%clk 1:16:44]} 9. a4
{[%clk 1:26:53]} a5 {[%clk 1:15:54]} 10. b3 {[%clk 1:27:01]} exd4
{[%clk 1:14:46]} 11. exd4 {[%clk 1:27:25]} Nb8 {[%clk 1:14:58]} 12. h3
{[%clk 1:26:18]} Nc6 {[%clk 1:08:47]} 13. Bg5 {[%clk 1:22:00]} h6
{[%clk 1:07:09]} 14. Be3 {[%clk 1:22:16]} d5 {[%clk 1:05:21]} 15. Ne5
{[%clk 1:17:12]} Nxe5 {[%clk 0:57:12]} 16. dxe5 {[%clk 1:17:36]} Rxe5
{[%clk 0:57:33]} 17. cxd5 {[%clk 1:10:49]} Ne8 {[%clk 0:50:03]} 18. Qd2
{[%clk 1:10:06]} Kh7 {[%clk 0:42:42]} 19. Bd4 {[%clk 1:09:27]} Re7
{[%clk 0:43:02]} 20. Bxg7 {[%clk 1:09:00]} Kxg7 {[%clk 0:43:15]} 21. Ne4
{[%clk 0:57:56]} Bf5 {[%clk 0:40:26]} 22. Nc5 {[%clk 0:57:04]} Nd6
{[%clk 0:37:30]} 23. g4 {[%clk 0:57:27]} Bc8 {[%clk 0:37:15]} 24. Qd4+
{[%clk 0:53:41]} Kg8 {[%clk 0:33:07]} 25. Rfc1 {[%clk 0:52:02]} Qe8
{[%clk 0:28:15]} 26. Nd3 {[%clk 0:46:47]} b6 {[%clk 0:23:27]} 27. f4
{[%clk 0:45:49]} f5 {[%clk 0:19:51]} 28. Ne5 {[%clk 0:45:32]} g5 {[%clk 0:17:30]}
29. Nc6 {[%clk 0:43:09]} Re2 {[%clk 0:17:05]} 30. Ne5 {[%clk 0:40:16]} gxf4
{[%clk 0:11:52]} 31. Re1 {[%clk 0:40:40]} Rxe1+ {[%clk 0:10:31]} 32. Rxe1
{[%clk 0:41:08]} fxg4 {[%clk 0:10:39]} 33. Qxf4 {[%clk 0:40:20]} Qf8
{[%clk 0:08:03]} 34. Qg3 {[%clk 0:40:20]} Qg7 {[%clk 0:04:27]} 35. hxg4
{[%clk 0:40:22]} Bb7 {[%clk 0:03:13]} 36. Nc4 {[%clk 0:39:06]} Nf5
{[%clk 0:02:47]} 37. Qf4 {[%clk 0:38:24]} Nh4 {[%clk 0:02:38]} 38. Bh1
{[%clk 0:37:03]} Rf8 {[%clk 0:02:39]} 39. Qg3 {[%clk 0:37:06]} Nf5
{[%clk 0:01:30]} 40. Qf4 {[%clk 0:36:46]} Nh4 {[%clk 0:00:49]} 41. Qg3
{[%clk 0:37:04]} Nf5 {[%clk 0:00:36]} 42. Qf4 {[%clk 0:36:34]} Nd4
{[%clk 0:19:14]} 43. Qg3 {[%clk 1:05:51]} Nxb3 {[%clk 0:18:54]} 44. Kh2
{[%clk 1:00:27]} Nc5 {[%clk 0:18:14]} 45. Ne3 {[%clk 0:59:22]} Nd3
{[%clk 0:15:47]} 46. Re2 {[%clk 0:59:06]} Qe5 {[%clk 0:11:00]} 47. Qxe5
{[%clk 0:58:03]} Nxe5 {[%clk 0:11:28]} 48. Kg3 {[%clk 0:58:28]} Bc8
{[%clk 0:06:26]} 49. Rc2 {[%clk 0:58:56]} Bd7 {[%clk 0:05:18]} 50. Rxc7
{[%clk 0:59:13]} Bxa4 {[%clk 0:05:23]} 51. Nf5 {[%clk 0:55:43]} Bd7
{[%clk 0:05:25]} 52. Nxh6+ {[%clk 0:55:44]} Kg7 {[%clk 0:05:19]} 53. Nf5+
{[%clk 0:55:40]} Kf6 {[%clk 0:05:30]} 54. Rb7 {[%clk 0:50:54]} Bxf5
{[%clk 0:03:58]} 55. Rxb6+ {[%clk 0:51:12]} Kg5 {[%clk 0:04:00]} 56. gxf5
{[%clk 0:51:39]} Kxf5 {[%clk 0:04:11]} 57. Ra6 {[%clk 0:51:51]} Rh8
{[%clk 0:03:09]} 58. Bg2 {[%clk 0:52:02]} Rg8+ {[%clk 0:03:34]} 59. Kf2
{[%clk 0:52:22]} Nd3+ {[%clk 0:03:48]} 60. Kf1 {[%clk 0:52:18]} Nf4
{[%clk 0:03:50]}  1/2-1/2

[Event "Summer Prague Open 2022 - A"]
[Site "Olympik hotel, Sokolovska 138, Praha"]
[Date "2022.08.12"]
[Round "9"]
[Board "10"]
[White "Dauth, Benjamin"]
[Black "Guz, Ari"]
[Result "0-1"]
[WhiteElo "2209"]
[BlackElo "2308"]
[PlyCount "0"]
[EventDate "2022.08.05"]
[EventRounds "9"]
[EventCountry "CZE"]

1. e4 {[%clk 1:29:43]} c5 {[%clk 1:30:28]} 2. Nf3 {[%clk 1:28:52]} Nc6
{[%clk 1:29:42]} 3. d4 {[%clk 1:29:13]} cxd4 {[%clk 1:30:04]} 4. Nxd4
{[%clk 1:29:38]} g6 {[%clk 1:30:26]} 5. Nxc6 {[%clk 1:29:13]} bxc6
{[%clk 1:30:39]} 6. Bd2 {[%clk 1:29:17]} Bg7 {[%clk 1:27:48]} 7. Bc3
{[%clk 1:29:40]} Nf6 {[%clk 1:28:06]} 8. Bd3 {[%clk 1:29:23]} O-O
{[%clk 1:23:58]} 9. O-O {[%clk 1:29:46]} d5 {[%clk 1:24:10]} 10. exd5
{[%clk 1:28:29]} cxd5 {[%clk 1:23:53]} 11. Be5 {[%clk 1:26:23]} Bb7
{[%clk 1:19:17]} 12. Nd2 {[%clk 1:25:27]} Nd7 {[%clk 1:18:01]} 13. Bxg7
{[%clk 1:25:00]} Kxg7 {[%clk 1:18:28]} 14. Re1 {[%clk 1:23:28]} e5
{[%clk 1:15:10]} 15. c4 {[%clk 1:22:46]} d4 {[%clk 1:07:44]} 16. Be4
{[%clk 1:21:51]} Bxe4 {[%clk 1:04:43]} 17. Nxe4 {[%clk 1:22:15]} f5
{[%clk 1:04:16]} 18. Ng3 {[%clk 1:22:24]} Qb6 {[%clk 0:58:43]} 19. Qd2
{[%clk 1:22:32]} a5 {[%clk 0:46:37]} 20. Rad1 {[%clk 1:21:46]} Qc5
{[%clk 0:42:17]} 21. b3 {[%clk 1:21:32]} Rad8 {[%clk 0:39:58]} 22. Ne2
{[%clk 1:14:37]} Nf6 {[%clk 0:39:11]} 23. Nc1 {[%clk 1:15:03]} Rfe8
{[%clk 0:36:39]} 24. Nd3 {[%clk 1:11:46]} Qc7 {[%clk 0:37:07]} 25. Qg5
{[%clk 1:12:04]} h6 {[%clk 0:32:04]} 26. Qh4 {[%clk 1:10:42]} g5 {[%clk 0:30:52]}
27. Qg3 {[%clk 1:07:28]} f4 {[%clk 0:30:38]} 28. Qh3 {[%clk 1:07:49]} e4
{[%clk 0:30:47]} 29. Nc1 {[%clk 1:07:45]} d3 {[%clk 0:29:30]} 30. Nxd3
{[%clk 1:07:42]} g4 {[%clk 0:23:28]} 31. Qh4 {[%clk 1:07:50]} Rxd3
{[%clk 0:23:40]} 32. h3 {[%clk 1:05:32]} Qd7 {[%clk 0:19:20]}  0-1

[Event "Summer Prague Open 2022 - A"]
[Site "Olympik hotel, Sokolovska 138, Praha"]
[Date "2022.08.12"]
[Round "9"]
[Board "11"]
[White "Brejnik, Gustav"]
[Black "Svatos, Jan"]
[Result "1-0"]
[WhiteElo "2300"]
[BlackElo "2185"]
[PlyCount "0"]
[EventDate "2022.08.05"]
[EventRounds "9"]
[EventCountry "CZE"]

1. d4 {[%clk 1:30:58]} Nf6 {[%clk 1:30:56]} 2. c4 {[%clk 1:31:24]} e6
{[%clk 1:31:24]} 3. Nf3 {[%clk 1:31:48]} c5 {[%clk 1:31:50]} 4. d5
{[%clk 1:32:12]} exd5 {[%clk 1:32:16]} 5. cxd5 {[%clk 1:32:38]} d6
{[%clk 1:32:45]} 6. Nc3 {[%clk 1:33:01]} g6 {[%clk 1:33:12]} 7. Nd2
{[%clk 1:33:14]} Bg7 {[%clk 1:33:36]} 8. e4 {[%clk 1:33:38]} O-O {[%clk 1:34:00]}
9. Be2 {[%clk 1:34:04]} Re8 {[%clk 1:34:06]} 10. O-O {[%clk 1:34:24]} a6
{[%clk 1:34:15]} 11. a4 {[%clk 1:34:10]} Nbd7 {[%clk 1:27:55]} 12. Re1
{[%clk 1:29:19]} Ne5 {[%clk 1:22:45]} 13. f4 {[%clk 1:16:06]} Neg4
{[%clk 1:22:59]} 14. Bf3 {[%clk 1:16:20]} h5 {[%clk 1:22:01]} 15. h3
{[%clk 1:13:02]} Nh6 {[%clk 1:22:05]} 16. Nc4 {[%clk 1:08:53]} Nh7
{[%clk 1:12:43]} 17. Be3 {[%clk 0:51:18]} Bf8 {[%clk 1:05:06]} 18. Qd2
{[%clk 0:49:48]} Kh8 {[%clk 0:57:41]} 19. Bf2 {[%clk 0:24:52]} Bd7
{[%clk 0:50:52]} 20. a5 {[%clk 0:25:05]} Rc8 {[%clk 0:39:16]} 21. Rab1
{[%clk 0:24:07]} b5 {[%clk 0:28:03]} 22. axb6 {[%clk 0:24:14]} Bb5
{[%clk 0:28:27]} 23. Na3 {[%clk 0:21:30]} Qd7 {[%clk 0:10:26]} 24. b4
{[%clk 0:20:48]} c4 {[%clk 0:10:44]} 25. Bd4+ {[%clk 0:15:31]} Bg7
{[%clk 0:09:46]} 26. Ra1 {[%clk 0:14:51]} Ra8 {[%clk 0:10:02]} 27. Bxg7+
{[%clk 0:14:50]} Kxg7 {[%clk 0:10:31]} 28. Qd4+ {[%clk 0:15:10]} Kg8
{[%clk 0:10:57]} 29. Nxc4 {[%clk 0:15:08]} Bxc4 {[%clk 0:07:28]} 30. Qxc4
{[%clk 0:15:36]} Rec8 {[%clk 0:07:47]} 31. Qd4 {[%clk 0:15:53]} Nf8
{[%clk 0:06:58]} 32. Be2 {[%clk 0:09:17]} Qb7 {[%clk 0:07:18]} 33. Na4
{[%clk 0:08:51]} Nd7 {[%clk 0:07:18]} 34. Rec1 {[%clk 0:08:58]} Rab8
{[%clk 0:07:07]} 35. Rxc8+ {[%clk 0:03:42]} Qxc8 {[%clk 0:03:00]} 36. Qc4
{[%clk 0:03:13]} Qe8 {[%clk 0:00:38]} 37. Bd3 {[%clk 0:02:14]} Nxb6
{[%clk 0:00:57]} 38. Nxb6 {[%clk 0:02:33]} Rxb6 {[%clk 0:01:26]} 39. Rxa6
{[%clk 0:02:42]} Rxa6 {[%clk 0:01:44]} 40. Qxa6 {[%clk 0:03:06]} f5
{[%clk 0:02:10]} 41. e5 {[%clk 0:28:08]} dxe5 {[%clk 0:31:47]} 42. fxe5
{[%clk 0:26:35]} Qxe5 {[%clk 0:32:01]} 43. Qxg6+ {[%clk 0:26:47]}  1-0

[Event "Summer Prague Open 2022 - A"]
[Site "Olympik hotel, Sokolovska 138, Praha"]
[Date "2022.08.12"]
[Round "9"]
[Board "13"]
[White "Fiskaaen, Martin Holten"]
[Black "Karas, Marek"]
[Result "0-1"]
[WhiteElo "1950"]
[BlackElo "2275"]
[PlyCount "0"]
[EventDate "2022.08.05"]
[EventRounds "9"]
[EventCountry "CZE"]

1. d4 {[%clk 1:30:56]} d5 {[%clk 1:30:10]} 2. c4 {[%clk 1:31:11]} c6
{[%clk 1:30:34]} 3. Nc3 {[%clk 1:31:28]} Nf6 {[%clk 1:30:56]} 4. e3
{[%clk 1:31:45]} a6 {[%clk 1:30:56]} 5. Nf3 {[%clk 1:30:37]} b5 {[%clk 1:31:16]}
6. b3 {[%clk 1:30:17]} Bg4 {[%clk 1:31:37]} 7. Bd3 {[%clk 1:20:02]} e6
{[%clk 1:30:18]} 8. a4 {[%clk 1:16:00]} bxc4 {[%clk 1:28:03]} 9. bxc4
{[%clk 1:16:01]} Bb4 {[%clk 1:28:03]} 10. Bd2 {[%clk 1:13:40]} O-O
{[%clk 1:27:15]} 11. O-O {[%clk 1:10:40]} a5 {[%clk 1:20:05]} 12. Rc1
{[%clk 1:05:23]} Nbd7 {[%clk 1:18:00]} 13. cxd5 {[%clk 1:00:00]} cxd5
{[%clk 1:18:20]} 14. Nb5 {[%clk 0:57:01]} Ne4 {[%clk 1:09:26]} 15. Bxb4
{[%clk 0:45:28]} axb4 {[%clk 1:08:54]} 16. h3 {[%clk 0:45:45]} Bh5
{[%clk 1:01:30]} 17. g4 {[%clk 0:39:50]} Bg6 {[%clk 1:01:41]} 18. Ne5
{[%clk 0:39:19]} Nxe5 {[%clk 1:01:12]} 19. dxe5 {[%clk 0:39:39]} Qh4
{[%clk 0:59:56]} 20. Bxe4 {[%clk 0:35:49]} Bxe4 {[%clk 0:58:56]} 21. Kh2
{[%clk 0:35:59]} f5 {[%clk 0:54:37]} 22. f3 {[%clk 0:11:40]} fxg4
{[%clk 0:54:44]} 23. fxe4 {[%clk 0:11:56]} Qxh3+ {[%clk 0:54:06]} 24. Kg1
{[%clk 0:12:20]} Qxe3+ {[%clk 0:54:08]} 25. Kh2 {[%clk 0:12:11]} Rxf1
{[%clk 0:45:22]} 26. Qxf1 {[%clk 0:12:29]} Qd2+ {[%clk 0:45:40]} 27. Kg1
{[%clk 0:11:14]} g3 {[%clk 0:45:21]} 28. Qh3 {[%clk 0:03:08]} Qxc1+
{[%clk 0:45:37]} 29. Kg2 {[%clk 0:03:28]} Qd2+ {[%clk 0:45:53]} 30. Kg1
{[%clk 0:03:48]} Qe1+ {[%clk 0:46:05]} 31. Kg2 {[%clk 0:04:09]} Qxe4+
{[%clk 0:46:28]} 32. Kg1 {[%clk 0:04:27]} Qe1+ {[%clk 0:46:47]} 33. Kg2
{[%clk 0:04:51]} Qf2+ {[%clk 0:47:13]} 34. Kh1 {[%clk 0:05:14]} g2+
{[%clk 0:47:38]} 35. Qxg2 {[%clk 0:05:27]} Qxg2+ {[%clk 0:48:03]} 36. Kxg2
{[%clk 0:05:47]} b3 {[%clk 0:48:22]}  0-1

[Event "Summer Prague Open 2022 - A"]
[Site "Olympik hotel, Sokolovska 138, Praha"]
[Date "2022.08.12"]
[Round "9"]
[Board "14"]
[White "Kvaloy, Aksel Bu"]
[Black "Jun, Rudolf"]
[Result "1-0"]
[WhiteElo "2266"]
[BlackElo "2165"]
[PlyCount "0"]
[EventDate "2022.08.05"]
[EventRounds "9"]
[EventCountry "CZE"]

1. e4 {[%clk 1:30:57]} c5 {[%clk 1:30:53]} 2. Nf3 {[%clk 1:31:23]} Nc6
{[%clk 1:30:49]} 3. Bb5 {[%clk 1:31:45]} g6 {[%clk 1:30:54]} 4. O-O
{[%clk 1:32:07]} Bg7 {[%clk 1:31:13]} 5. Re1 {[%clk 1:32:20]} e5 {[%clk 1:31:11]}
6. b4 {[%clk 1:32:40]} cxb4 {[%clk 1:27:26]} 7. a3 {[%clk 1:32:16]} Nge7
{[%clk 1:15:17]} 8. axb4 {[%clk 1:32:02]} O-O {[%clk 1:14:43]} 9. Bb2
{[%clk 1:11:44]} d6 {[%clk 1:12:35]} 10. Bxc6 {[%clk 1:04:55]} Nxc6
{[%clk 1:03:50]} 11. b5 {[%clk 1:04:50]} Nd4 {[%clk 1:02:19]} 12. Nxd4
{[%clk 0:54:10]} exd4 {[%clk 1:02:41]} 13. c4 {[%clk 0:43:25]} f5
{[%clk 0:57:45]} 14. d3 {[%clk 0:34:08]} f4 {[%clk 0:52:44]} 15. f3
{[%clk 0:33:39]} g5 {[%clk 0:53:03]} 16. Nd2 {[%clk 0:32:50]} h5 {[%clk 0:49:03]}
17. Nb3 {[%clk 0:21:58]} g4 {[%clk 0:47:28]} 18. Qe2 {[%clk 0:19:15]} Kh7
{[%clk 0:32:59]} 19. Bxd4 {[%clk 0:12:51]} Be5 {[%clk 0:26:33]} 20. Bb2
{[%clk 0:07:58]} Qh4 {[%clk 0:24:10]} 21. d4 {[%clk 0:07:34]} g3 {[%clk 0:22:22]}
22. h3 {[%clk 0:07:03]} Bxh3 {[%clk 0:08:26]} 23. gxh3 {[%clk 0:06:16]} g2
{[%clk 0:08:46]} 24. dxe5 {[%clk 0:05:45]} Rg8 {[%clk 0:02:31]} 25. Qd2
{[%clk 0:04:38]} Qxh3 {[%clk 0:01:05]} 26. Bd4 {[%clk 0:00:59]} dxe5
{[%clk 0:00:48]} 27. Bc5 {[%clk 0:00:58]} Rad8 {[%clk 0:00:52]} 28. Qc3
{[%clk 0:00:53]} Qh1+ {[%clk 0:00:39]} 29. Kf2 {[%clk 0:01:21]} g1=Q+
{[%clk 0:00:33]} 30. Rxg1 {[%clk 0:01:45]} Qh2+ {[%clk 0:00:37]} 31. Kf1
{[%clk 0:01:55]} Rg3 {[%clk 0:00:34]} 32. Bf2 {[%clk 0:01:03]} Rdg8
{[%clk 0:00:34]} 33. Bxg3 {[%clk 0:00:58]} Rxg3 {[%clk 0:00:47]} 34. Rxg3
{[%clk 0:01:03]} fxg3 {[%clk 0:01:16]} 35. Qd2 {[%clk 0:00:51]} Qh1+
{[%clk 0:00:57]} 36. Ke2 {[%clk 0:01:17]} Qh2+ {[%clk 0:00:46]} 37. Ke3
{[%clk 0:00:48]} g2 {[%clk 0:00:57]} 38. Qf2 {[%clk 0:00:55]} h4 {[%clk 0:01:08]}
39. Kd3 {[%clk 0:00:36]} Qh3 {[%clk 0:00:34]} 40. Nc5 {[%clk 0:00:35]} Qh2
{[%clk 0:00:31]} 41. Rg1 {[%clk 0:26:56]} h3 {[%clk 0:30:42]} 42. Qh4+
{[%clk 0:26:18]} Kg6 {[%clk 0:29:29]} 43. Qg4+ {[%clk 0:24:49]} Kh7
{[%clk 0:28:39]} 44. Ne6 {[%clk 0:24:46]}  1-0

[Event "Summer Prague Open 2022 - A"]
[Site "Olympik hotel, Sokolovska 138, Praha"]
[Date "2022.08.12"]
[Round "9"]
[Board "15"]
[White "Schimnatkowski, Lukas"]
[Black "Nemeth, Zalan"]
[Result "0-1"]
[WhiteElo "2187"]
[BlackElo "2245"]
[PlyCount "0"]
[EventDate "2022.08.05"]
[EventRounds "9"]
[EventCountry "CZE"]

1. e4 {[%clk 1:30:56]} c5 {[%clk 1:30:57]} 2. Nf3 {[%clk 1:31:16]} Nc6
{[%clk 1:31:14]} 3. Bb5 {[%clk 1:31:16]} e5 {[%clk 1:31:40]} 4. O-O
{[%clk 1:28:16]} Bd6 {[%clk 1:32:07]} 5. a4 {[%clk 1:25:59]} Nf6 {[%clk 1:26:54]}
6. d3 {[%clk 1:23:45]} h6 {[%clk 1:24:17]} 7. Bc4 {[%clk 1:15:31]} Bc7
{[%clk 1:21:44]} 8. Nc3 {[%clk 1:15:32]} O-O {[%clk 1:20:11]} 9. Re1
{[%clk 1:13:15]} Re8 {[%clk 1:14:59]} 10. Be3 {[%clk 1:06:28]} Nd4
{[%clk 1:08:05]} 11. Nd5 {[%clk 0:59:08]} d6 {[%clk 1:00:58]} 12. c3
{[%clk 0:51:41]} Nc6 {[%clk 0:59:29]} 13. Rc1 {[%clk 0:40:55]} Ba5
{[%clk 0:55:16]} 14. Qd2 {[%clk 0:30:16]} Be6 {[%clk 0:47:14]} 15. Bxh6
{[%clk 0:17:58]} gxh6 {[%clk 0:42:55]} 16. Qxh6 {[%clk 0:18:20]} Nh7
{[%clk 0:32:03]} 17. Re3 {[%clk 0:17:48]} Kh8 {[%clk 0:26:02]} 18. h4
{[%clk 0:11:51]} f6 {[%clk 0:19:49]} 19. h5 {[%clk 0:11:04]} f5 {[%clk 0:18:56]}
20. Nh4 {[%clk 0:03:52]} Qxh4 {[%clk 0:18:50]} 21. Rg3 {[%clk 0:04:16]} Rg8
{[%clk 0:19:07]} 22. Qxe6 {[%clk 0:04:20]} Rxg3 {[%clk 0:19:05]} 23. fxg3
{[%clk 0:04:44]} Qxg3 {[%clk 0:15:02]} 24. exf5 {[%clk 0:01:58]} Rg8
{[%clk 0:13:27]} 25. Rc2 {[%clk 0:02:24]} Bd8 {[%clk 0:12:30]} 26. f6
{[%clk 0:02:02]} Ng5 {[%clk 0:08:45]} 27. Qxg8+ {[%clk 0:00:53]} Kxg8
{[%clk 0:09:09]} 28. Ne7+ {[%clk 0:01:04]} Kh7 {[%clk 0:07:49]} 29. Bg8+
{[%clk 0:01:05]} Kh8 {[%clk 0:08:13]} 30. Bd5 {[%clk 0:00:59]} Bxe7
{[%clk 0:08:27]} 31. fxe7 {[%clk 0:01:21]} Nxe7 {[%clk 0:08:52]}  0-1

[Event "Summer Prague Open 2022 - A"]
[Site "Olympik hotel, Sokolovska 138, Praha"]
[Date "2022.08.12"]
[Round "9"]
[Board "16"]
[White "Hollan, Martin"]
[Black "Lhotska, Anna"]
[Result "1/2-1/2"]
[WhiteElo "2381"]
[BlackElo "2081"]
[PlyCount "0"]
[EventDate "2022.08.05"]
[EventRounds "9"]
[EventCountry "CZE"]

1. c4 {[%clk 1:30:55]} e6 {[%clk 1:30:53]} 2. Nf3 {[%clk 1:29:05]} d5
{[%clk 1:31:12]} 3. d4 {[%clk 1:28:10]} a6 {[%clk 1:31:34]} 4. e3
{[%clk 1:26:49]} Nf6 {[%clk 1:30:23]} 5. Nc3 {[%clk 1:26:31]} c5 {[%clk 1:28:13]}
6. cxd5 {[%clk 1:25:22]} exd5 {[%clk 1:28:06]} 7. dxc5 {[%clk 1:22:19]} Bxc5
{[%clk 1:28:12]} 8. Bd3 {[%clk 1:22:39]} O-O {[%clk 1:27:53]} 9. Ne2
{[%clk 1:21:08]} Nc6 {[%clk 1:25:44]} 10. a3 {[%clk 1:20:51]} Re8
{[%clk 1:22:01]} 11. b4 {[%clk 1:20:16]} Bd6 {[%clk 1:19:40]} 12. Bb2
{[%clk 1:19:46]} Ne4 {[%clk 1:03:42]} 13. Ng3 {[%clk 1:11:27]} Bg4
{[%clk 0:59:43]} 14. Be2 {[%clk 1:04:07]} Qe7 {[%clk 0:54:52]} 15. O-O
{[%clk 1:01:05]} Rad8 {[%clk 0:52:20]} 16. Nd4 {[%clk 0:46:39]} Bxe2
{[%clk 0:44:05]} 17. Qxe2 {[%clk 0:44:58]} Ne5 {[%clk 0:33:40]} 18. Rad1
{[%clk 0:29:25]} g6 {[%clk 0:25:50]} 19. Nf3 {[%clk 0:18:42]} Bb8
{[%clk 0:18:59]} 20. Ba1 {[%clk 0:17:06]} Qe6 {[%clk 0:07:19]} 21. a4
{[%clk 0:08:47]} Nc4 {[%clk 0:04:40]} 22. Qd3 {[%clk 0:06:30]} Nxg3
{[%clk 0:04:29]} 23. hxg3 {[%clk 0:06:45]} Qc6 {[%clk 0:03:46]} 24. Qd4
{[%clk 0:02:49]} Ne5 {[%clk 0:03:38]} 25. Qh4 {[%clk 0:02:07]} Nxf3+
{[%clk 0:02:14]} 26. gxf3 {[%clk 0:02:32]} Rd7 {[%clk 0:01:32]} 27. b5
{[%clk 0:02:40]} axb5 {[%clk 0:01:26]} 28. axb5 {[%clk 0:03:09]} Qe6
{[%clk 0:01:41]} 29. Kg2 {[%clk 0:01:12]} Be5 {[%clk 0:01:44]} 30. Bxe5
{[%clk 0:01:07]} Qxe5 {[%clk 0:02:09]} 31. Rh1 {[%clk 0:00:42]} f5
{[%clk 0:01:59]} 32. Rd2 {[%clk 0:00:49]} Red8 {[%clk 0:01:34]} 33. Rd4
{[%clk 0:00:35]} Qe6 {[%clk 0:01:35]} 34. Rc1 {[%clk 0:00:32]} Qb6
{[%clk 0:01:28]} 35. Rb1 {[%clk 0:00:34]} Qc5 {[%clk 0:01:26]} 36. Qf6
{[%clk 0:00:36]} Qd6 {[%clk 0:01:04]} 37. Qxd6 {[%clk 0:00:55]} Rxd6
{[%clk 0:01:28]} 38. Rc1 {[%clk 0:01:00]} Kf7 {[%clk 0:01:25]} 39. Rc7+
{[%clk 0:01:01]} R8d7 {[%clk 0:01:30]} 40. Rc5 {[%clk 0:01:02]} Ke6
{[%clk 0:00:55]} 41. g4 {[%clk 0:26:46]} b6 {[%clk 0:23:05]} 42. Rc8
{[%clk 0:20:31]} Ra7 {[%clk 0:21:56]} 43. g5 {[%clk 0:17:26]} Rdd7
{[%clk 0:15:44]} 44. Rc6+ {[%clk 0:11:33]} Rd6 {[%clk 0:15:42]} 45. e4
{[%clk 0:07:28]} Rad7 {[%clk 0:10:42]} 46. exd5+ {[%clk 0:07:30]} Ke5
{[%clk 0:10:45]} 47. Rd1 {[%clk 0:06:10]} Kf4 {[%clk 0:08:08]} 48. Rh1
{[%clk 0:05:54]} Kxg5 {[%clk 0:08:10]} 49. Rxh7 {[%clk 0:05:22]} Rxd5
{[%clk 0:07:45]} 50. Rxd7 {[%clk 0:05:43]} Rxd7 {[%clk 0:08:11]} 51. Rxb6
{[%clk 0:06:08]} Rd1 {[%clk 0:05:25]} 52. f4+ {[%clk 0:05:05]} Kxf4
{[%clk 0:05:42]} 53. Rxg6 {[%clk 0:05:28]} Rb1 {[%clk 0:06:06]} 54. Rb6
{[%clk 0:05:27]} Rb2 {[%clk 0:06:12]} 55. Rb8 {[%clk 0:05:41]} Rb3
{[%clk 0:06:15]} 56. b6 {[%clk 0:03:54]} Rb2 {[%clk 0:06:26]} 57. Rb7
{[%clk 0:02:23]} Rb3 {[%clk 0:06:30]} 58. Rb8 {[%clk 0:02:33]} Rb2
{[%clk 0:06:50]} 59. b7 {[%clk 0:02:46]} Rb3 {[%clk 0:06:55]} 60. Kh2
{[%clk 0:01:59]} Rb2 {[%clk 0:06:05]} 61. Kh3 {[%clk 0:01:30]} Rb1
{[%clk 0:06:13]} 62. Kg2 {[%clk 0:01:41]}  1/2-1/2

[Event "Summer Prague Open 2022 - A"]
[Site "Olympik hotel, Sokolovska 138, Praha"]
[Date "2022.08.12"]
[Round "9"]
[Board "17"]
[White "Pap, Gyula"]
[Black "Winter, Ondrej"]
[Result "1-0"]
[WhiteElo "2481"]
[BlackElo "2169"]
[PlyCount "0"]
[EventDate "2022.08.05"]
[EventRounds "9"]
[EventCountry "CZE"]

1. e4 {[%clk 1:30:56]} c6 {[%clk 1:30:52]} 2. d4 {[%clk 1:29:50]} d5
{[%clk 1:31:18]} 3. Nd2 {[%clk 1:29:52]} dxe4 {[%clk 1:31:33]} 4. Nxe4
{[%clk 1:30:15]} Nd7 {[%clk 1:31:17]} 5. Ng5 {[%clk 1:19:26]} Ngf6
{[%clk 1:30:31]} 6. Bd3 {[%clk 1:19:04]} e6 {[%clk 1:30:13]} 7. N1f3
{[%clk 1:13:32]} Bd6 {[%clk 1:28:51]} 8. Qe2 {[%clk 1:11:40]} h6 {[%clk 1:27:04]}
9. Ne4 {[%clk 1:09:59]} Nxe4 {[%clk 1:26:26]} 10. Bxe4 {[%clk 1:10:15]} Nf6
{[%clk 1:24:39]} 11. Bd3 {[%clk 1:10:36]} b6 {[%clk 1:16:05]} 12. a4
{[%clk 1:07:46]} O-O {[%clk 0:58:19]} 13. g4 {[%clk 0:58:14]} Nxg4
{[%clk 0:38:56]} 14. h3 {[%clk 0:53:38]} e5 {[%clk 0:33:59]} 15. hxg4
{[%clk 0:50:23]} exd4 {[%clk 0:32:33]} 16. Nd2 {[%clk 0:46:49]} Re8
{[%clk 0:23:29]} 17. Ne4 {[%clk 0:47:10]} f5 {[%clk 0:21:01]} 18. gxf5
{[%clk 0:45:08]} Bxf5 {[%clk 0:21:13]} 19. Bd2 {[%clk 0:43:22]} Qe7
{[%clk 0:20:17]} 20. f3 {[%clk 0:41:41]} Bxe4 {[%clk 0:10:38]} 21. Bxe4
{[%clk 0:41:43]} Bg3+ {[%clk 0:09:31]} 22. Kf1 {[%clk 0:40:31]} Qf7
{[%clk 0:05:12]} 23. Rg1 {[%clk 0:32:02]} d3 {[%clk 0:02:44]} 24. cxd3
{[%clk 0:30:48]} Bf4 {[%clk 0:01:45]} 25. Bxf4 {[%clk 0:29:02]} Qxf4
{[%clk 0:02:09]} 26. Rg4 {[%clk 0:29:17]} Qe5 {[%clk 0:01:43]} 27. Kg2
{[%clk 0:29:05]}  1-0

[Event "Summer Prague Open 2022 - A"]
[Site "Olympik hotel, Sokolovska 138, Praha"]
[Date "2022.08.12"]
[Round "9"]
[Board "18"]
[White "Meissner, Felix"]
[Black "Kristiansen, Willy M"]
[Result "1-0"]
[WhiteElo "2381"]
[BlackElo "2121"]
[PlyCount "0"]
[EventDate "2022.08.05"]
[EventRounds "9"]
[EventCountry "CZE"]

1. Nf3 {[%clk 1:30:53]} d5 {[%clk 1:30:49]} 2. c4 {[%clk 1:30:04]} e6
{[%clk 1:31:08]} 3. g3 {[%clk 1:30:12]} Nf6 {[%clk 1:31:30]} 4. Bg2
{[%clk 1:30:26]} Be7 {[%clk 1:31:50]} 5. O-O {[%clk 1:30:23]} O-O
{[%clk 1:32:13]} 6. b3 {[%clk 1:27:46]} b6 {[%clk 1:32:26]} 7. Bb2
{[%clk 1:25:48]} c5 {[%clk 1:32:38]} 8. d4 {[%clk 1:24:59]} cxd4 {[%clk 1:31:13]}
9. cxd5 {[%clk 1:24:59]} Nxd5 {[%clk 1:31:18]} 10. Nxd4 {[%clk 1:24:14]} Bb7
{[%clk 1:31:12]} 11. Nd2 {[%clk 1:23:00]} Nc6 {[%clk 1:29:54]} 12. Ne4
{[%clk 1:21:59]} Rc8 {[%clk 1:27:10]} 13. Rc1 {[%clk 1:19:45]} Na5
{[%clk 1:11:28]} 14. Rxc8 {[%clk 1:16:10]} Qxc8 {[%clk 1:11:14]} 15. Nb5
{[%clk 1:15:25]} Qd7 {[%clk 1:07:39]} 16. a4 {[%clk 1:01:53]} a6 {[%clk 1:07:22]}
17. Nbc3 {[%clk 1:01:13]} Rd8 {[%clk 1:06:25]} 18. Nxd5 {[%clk 1:00:41]} Bxd5
{[%clk 0:58:27]} 19. Qd4 {[%clk 1:00:29]} Bf8 {[%clk 0:58:23]} 20. Nf6+
{[%clk 0:58:37]}  1-0